Kế toán doanh nghiệp với access
Zapisane w:
| Format: | Książka |
|---|---|
| Język: | Undetermined |
| Wydane: |
H.
Thông Kê
2002
|
| Hasła przedmiotowe: | |
| Etykiety: |
Dodaj etykietę
Nie ma etykietki, Dołącz pierwszą etykiete!
|
| Thư viện lưu trữ: | Trung tâm Học liệu Trường Đại học Cần Thơ |
|---|
| LEADER | 00571nam a2200181Ia 4500 | ||
|---|---|---|---|
| 001 | CTU_50190 | ||
| 008 | 210402s9999 xx 000 0 und d | ||
| 082 | |a 657.0285 | ||
| 082 | |b K250 | ||
| 245 | 0 | |a Kế toán doanh nghiệp với access | |
| 245 | 0 | |c VN GUIDE | |
| 260 | |a H. | ||
| 260 | |b Thông Kê | ||
| 260 | |c 2002 | ||
| 650 | |a Accounting,Managerial accounting | ||
| 650 | |x Computer programs | ||
| 904 | |i Mai chuyển số PL từ 657.80285/V308 thành 657.0285/K250 chưa in nhãn | ||
| 980 | |a Trung tâm Học liệu Trường Đại học Cần Thơ | ||